[Event "IECG QC.2008.0.00092"]
[Site "IECG email"]
[Date "2008.06.30"]
[Round "?"]
[White "Draba, Henryk"]
[Black "Mircea, Mitrescu"]
[Result "1/2-1/2"]
[WhiteElo "1723"]
[BlackElo "1763"]
[PlyCount "72"]
[EventDate "2008.06.30"]
[EventType "tourn (corr)"]
[EventRounds "6"]
[SourceTitle "Corr 2024"]
[Source "ChessBase"]
[SourceDate "2023.10.19"]
[SourceVersion "1"]
[SourceVersionDate "2023.10.19"]
[SourceQuality "1"]

1. e4 c5 2. Nf3 d6 3. d4 cxd4 4. Qxd4 Nc6 5. Bb5 Bd7 6. Bxc6 Bxc6 7. Nc3 Nf6 8. Bg5 e6 9. Bxf6 Qxf6 10. Qxf6 gxf6 11. Nd4 Bd7 12. Ndb5 Bxb5 13. Nxb5 Kd7 14. 0-0-0 a6 15. Nd4 b5 16. Kd2 Rc8 17. Kd3 Be7 18. f4 Bd8 19. a4 Bb6 20. Nf3 Rc5 21. axb5 Rxb5 22. b3 Rc8 23. Rc1 Ke7 24. Nd2 f5 25. exf5 Rxf5 26. Nc4 Bd8 27. Ra1 Rxf4 28. Rxa6 Rf2 29. Ne3 d5 30. Re1 Kf8 31. Re2 Rf4 32. Re1 Rf2 33. Re2 Rf4 34. Re1 Rf2 35. Re2 Rf4 36. Re1 Rf2 1/2-1/2

[Event "IECG QC.2008.0.00092"]
[Site "IECG email"]
[Date "2008.06.30"]
[Round "?"]
[White "Mircea, Mitrescu"]
[Black "Draba, Henryk"]
[Result "1-0"]
[WhiteElo "1763"]
[BlackElo "1723"]
[PlyCount "109"]
[EventDate "2008.06.30"]
[EventType "tourn (corr)"]
[EventRounds "6"]
[SourceTitle "Corr 2024"]
[Source "ChessBase"]
[SourceDate "2023.10.19"]
[SourceVersion "1"]
[SourceVersionDate "2023.10.19"]
[SourceQuality "1"]

1. Nf3 Nf6 2. g3 d5 3. Bg2 Bf5 4. 0-0 Nc6 5. d3 e5 6. Nbd2 Bd6 7. Re1 Qd7 8. e4 dxe4 9. dxe4 Bg4 10. c3 0-0 11. Nc4 Qe6 12. Nxd6 Rad8 13. Qb3 Qxb3 14. axb3 Rxd6 15. h3 Be6 16. b4 a6 17. Bf1 h6 18. Kg2 Bb3 19. b5 axb5 20. Bxb5 Bc2 21. Nd2 Ne7 22. f3 c6 23. Be2 b5 24. Nf1 Rfd8 25. Be3 Bd3 26. Bc5 Bxe2 27. Rxe2 R6d7 28. Ra6 Rc8 29. Rd2 Ng6 30. Rxd7 Nxd7 31. Bd6 Nf6 32. Ne3 Ne8 33. Bc5 f6 34. Nf5 h5 35. h4 Kf7 36. Kf1 Kg8 37. Ke2 Kf7 38. Ke1 Rc7 39. Ra8 Rd7 40. Ke2 Rc7 41. Rd8 Ne7 42. Nxe7 Rxe7 43. Bxe7 Kxe7 44. Ra8 Kd7 45. Kd3 g6 46. b3 f5 47. c4 bxc4+ 48. bxc4 Nf6 49. c5 fxe4+ 50. fxe4 Ke7 51. Ra7+ Kd8 52. Rg7 Nd7 53. Rxg6 Nxc5+ 54. Ke3 Nd7 55. Rh6 1-0

[Event "IECG SI.2007.0.00073 email"]
[Site "IECG email"]
[Date "2007.03.07"]
[Round "?"]
[White "Gyimesi, Jeno"]
[Black "Mircea, Mitrescu"]
[Result "1-0"]
[WhiteElo "1757"]
[BlackElo "1850"]
[PlyCount "29"]
[EventDate "2007.03.07"]
[EventType "tourn (corr)"]
[EventRounds "6"]
[SourceTitle "Corr 2024"]
[Source "ChessBase"]
[SourceDate "2023.10.19"]
[SourceVersion "1"]
[SourceVersionDate "2023.10.19"]
[SourceQuality "1"]

1. d4 Nf6 2. c4 g6 3. Nc3 Bg7 4. e4 d6 5. Nf3 0-0 6. Be2 e5 7. dxe5 dxe5 8. Qxd8 Rxd8 9. Bg5 Nbd7 10. 0-0-0 Rf8 11. Nd2 c6 12. Be3 Re8 13. g4 Nf8 14. Rhg1 Ne6 15. g5 1-0

[Event "CFriend CP-2005-P-00038"]
[Site "Chessfriend.com"]
[Date "2005.10.01"]
[Round "1"]
[White "Mircea, Mitrescu"]
[Black "Jimenez, Joaquin"]
[Result "0-1"]
[WhiteElo "1850"]
[BlackElo "2270"]
[PlyCount "22"]
[EventDate "2005.??.??"]
[EventType "tourn (corr)"]
[EventRounds "6"]
[SourceTitle "Corr 2024"]
[Source "ChessBase"]
[SourceDate "2023.10.19"]
[SourceVersion "1"]
[SourceVersionDate "2023.10.19"]
[SourceQuality "1"]

1. d4 Nf6 2. c4 e6 3. Nf3 Bb4+ 4. Bd2 Qe7 5. g3 Nc6 6. Nc3 Bxc3 7. Bxc3 Ne4 8. Qc2 Nxc3 9. Qxc3 Qb4 10. Qxb4 Nxb4 11. Kd2 d6 0-1

[Event "CFriend CP-2005-P-00038"]
[Site "Chessfriend.com"]
[Date "2005.10.01"]
[Round "1"]
[White "Mircea, Mitrescu"]
[Black "Roman, Adrenalyn"]
[Result "0-1"]
[WhiteElo "1850"]
[BlackElo "800"]
[PlyCount "24"]
[EventDate "2005.??.??"]
[EventType "tourn (corr)"]
[EventRounds "6"]
[SourceTitle "Corr 2024"]
[Source "ChessBase"]
[SourceDate "2023.10.19"]
[SourceVersion "1"]
[SourceVersionDate "2023.10.19"]
[SourceQuality "1"]

1. d4 d5 2. c4 c6 3. Nc3 e6 4. e3 Nf6 5. Nf3 Nbd7 6. Qc2 Bd6 7. Be2 0-0 8. 0-0 dxc4 9. Bxc4 b5 10. Be2 Bb7 11. a3 a6 12. Rd1 c5 0-1

[Event "CFriend CP-2005-P-00038"]
[Site "Chessfriend.com"]
[Date "2005.10.01"]
[Round "1"]
[White "Schild, Reinhard"]
[Black "Mircea, Mitrescu"]
[Result "1-0"]
[WhiteElo "1939"]
[BlackElo "1850"]
[PlyCount "25"]
[EventDate "2005.??.??"]
[EventType "tourn (corr)"]
[EventRounds "6"]
[SourceTitle "Corr 2024"]
[Source "ChessBase"]
[SourceDate "2023.10.19"]
[SourceVersion "1"]
[SourceVersionDate "2023.10.19"]
[SourceQuality "1"]

1. e4 c6 2. d4 d5 3. Nc3 dxe4 4. Nxe4 Nd7 5. Bc4 Ngf6 6. Ng5 e6 7. Qe2 Nb6 8. Bb3 h6 9. N5f3 c5 10. Bf4 Nbd5 11. Be5 Qa5+ 12. Nd2 b5 13. dxc5 1-0